000 005490000a22001690004500
090 _aSERIADAS
245 1 0 _aPlanes locales de arborización urbana
_sestructura y distribución del arbolado de la localidad de Chapinero
651 4 _lChapinero
_mBogotá
_992749
690 _aArborización
_9100448
690 _aPlan de acción forestal
_98489
690 _aCensos forestales
_913405
041 0 _aEspañol
044 _aColombia
100 1 _aAmaya Arias, Manuel José
_9100656
942 _cARTICULO
773 1 _tPérez Arbelaezia
_h17
_q67-91
_d2006
999 _c16355
_d16355